058_ Personnalités nées un 27 février par images - Statistiques

Statistiques générales
  • Ce quiz a été pris 32 fois
  • Le résultat moyen est 3 sur 9
Statistiques - réponses
Par images Hint Réponse % Correct
Astronaute Thomas Pesquet
97%
Footballeur Alphonse Areola
71%
Athlète Jimmy Vicaut
42%
Actrice Elizabeth Taylor
35%
Dirigeant Politique Constantin Ier
19%
Animatrice Julie Andrieu
13%
Chanteuse Asami Abe
0%
Acteur Grant Show
0%
Acteur Jacques Charon
0%
Aucun quiz correspondant
Distribution des résultats
% des personnes avec chaque résultat
Percentile par nombre de réponses
Votre historique - résultats
Vous n’avez pas pris ce quiz